000
00257nam a22001097a 4500
008
170120b xxu||||| |||| 00| 0 eng d
020
_a
9781930538191
041
_a
eng
080
_a
618.2
245
_a
PIOTAL MOMENTS IN NURSING
_c
HOUSER, B.P
942
_2
udc
_c
BK
999
_c
3208
_d
3208